• 首页
  • 本馆介绍
  • 公告通知
  • 最新文献
  • 馆藏检索
  • 电子资源
  • 读者导购
  • 参考咨询
  • 我的图书馆
  • 登录
  • 详细信息显示
  • 放入我的书架
  • 预约/预借图书
  • 作者相关作品
  • 分类相关作品
  • 丛书相关作品
  • 出版社相关作品

书目信息

  • 表格格式
  • 工作单格式
  • 卡片格式
题名:
“恩智浦”杯智能汽车设计与实例教程
    
 
作者: 隋金雪 , 杨莉 , 张岩 编著
分册:  
出版信息: 北京   电子工业出版社  2018
页数: XIV, 568页
开本: 26cm
丛书名:
单 册:
中图分类: U462
科图分类:
主题词: 汽车--qi che--模型 (体育)--设计--教材
电子资源:
ISBN: 978-7-121-34836-5
000 01137nam0 2200277 450
001 012001001862
005 20131109104551.0
010    @a978-7-121-34836-5@dCNY89.00
099    @aCAL 012018129362
100    @a20180903d2018 em y0chiy50 ea
101 0  @achi
102    @aCN@b110000
105    @aak a 000yy
106    @ar
200 1  @a“恩智浦”杯智能汽车设计与实例教程@A“ en zhi pu ” bei zhi neng qi che she ji yu shi li jiao cheng@f隋金雪, 杨莉, 张岩编著
210    @a北京@c电子工业出版社@d2018
215    @aXIV, 568页@c图@d26cm
320    @a有书目 (第567-568页)
330    @a本书分为11章, 第1章为全国大学生“恩智浦”杯智能汽车竞赛的总体介绍 ; 第2-4章分别为硬件设计、软件设计及机械结构设计 ; 第5章介绍了恩智浦系列芯片的相应模块, 包括MC9S12XS128、MCF52259、Kinetis K60及MPC5604 ; 第6-11章给出了电磁、节能、摄像头、光电及自平衡、信标等组别智能汽车的实例制作过程。
606 0  @a汽车@Aqi che@x模型 (体育)@x设计@j教材
690    @aU462@v5
701  0 @a隋金雪@Asui jin xue@4编著
701  0 @a杨莉@Ayang li@4编著
701  0 @a张岩@Azhang yan@4编著
801  0 @aCN@b北京卓展@c20191020
905    @b1199156-8@dU462@e885@f3
    
    “恩智浦”杯智能汽车设计与实例教程/隋金雪, 杨莉, 张岩编著.-北京:电子工业出版社,2018
    XIV, 568页:图;26cm
    
    
    ISBN 978-7-121-34836-5:CNY89.00
    本书分为11章, 第1章为全国大学生“恩智浦”杯智能汽车竞赛的总体介绍 ; 第2-4章分别为硬件设计、软件设计及机械结构设计 ; 第5章介绍了恩智浦系列芯片的相应模块, 包括MC9S12XS128、MCF52259、Kinetis K60及MPC5604 ; 第6-11章给出了电磁、节能、摄像头、光电及自平衡、信标等组别智能汽车的实例制作过程。
●
相关链接 在E读中查询图书 在五车中查询图书 在当当中查询图书 在豆瓣中查询图书


正题名:"恩智浦"杯智能汽车设计与实例教程     索取号:U462/885         预约/预借

序号 登录号 条形码 馆藏地/架位号 状态 备注
1 1199156   211991567   第二样本阅览室/ [索取号:U462/885] 在馆    
2 1199157   211991576   第三借阅区/ [索取号:U462/885] 在馆    
3 1199158   211991585   第三借阅区/ [索取号:U462/885] 在馆    
唐山师范学院图书馆 欢迎您!
大连网信软件有限公司© 版权所有